| LEADER | 01154nam a2200217 a 4500 | ||
|---|---|---|---|
| 001 | GR-MES7881 | ||
| 008 | 010515s1983 gr 000 0 gre d | ||
| 040 | |a GrPaTEI |b gre |c GR-PaULI | ||
| 040 | |a GrPaTEI |b gre |c GR-PaULI | ||
| 245 | 0 | 0 | |a Ασκήσεις αναλύσεως και κριτικής διερευνήσεως λογιστικών καταστάσεων / |c Ελλης Βασιλάτου-Θανοπούλου. |
| 250 | |a 3η | ||
| 260 | |a Αθηναι : |b χ.ε., |c 1983 | ||
| 300 | |a 288 σελ. : |b πίν. | ||
| 504 | |a Βιβλιογραφία σελ.(281-288) | ||
| 650 | 4 | |a Λογιστική | |
| 700 | 1 | |a Βασιλάτου - Θανοπούλου, Ελλη | |
| 942 | |2 ddc | ||
| 952 | |0 0 |1 0 |2 ddc |4 0 |6 657_000000000000000_ΘΑΝ |7 0 |9 278259 |a MSLG |b MSLG |c BSC |d 2021-01-17 |e 24 |f 0 |g 0.00 |l 0 |o 657 ΘΑΝ |p 2420000001737 |r 2021-01-17 00:00:00 |t 1 |w 2021-01-17 |y BK15 |x 20010515 0 1 |x GrPaTEI | ||
| 952 | |0 0 |1 0 |2 ddc |4 0 |6 657_000000000000000_ΘΑΝ |7 0 |9 278260 |a MSLG |b MSLG |c BSC |d 2021-01-17 |e 24 |f 0 |g 0.00 |l 0 |o 657 ΘΑΝ |p 2420000001738 |r 2021-01-17 00:00:00 |t 1 |w 2021-01-17 |y BK15 |x 20020201 0 1 |x GrPaTEI | ||
| 971 | |a .b25863514 |b 15-04-20 |c 14-09-16 | ||
| 999 | |c 161851 |d 161851 | ||